<?xml version="1.0" encoding="UTF-8"?>
<record
    xmlns:xsi="http://www.w3.org/2001/XMLSchema-instance"
    xsi:schemaLocation="http://www.loc.gov/MARC21/slim http://www.loc.gov/standards/marcxml/schema/MARC21slim.xsd"
    xmlns="http://www.loc.gov/MARC21/slim">

  <leader>03657nam a2200601Ia 4500</leader>
  <controlfield tag="001">7166</controlfield>
  <controlfield tag="008">241029s9999    xx            000 0 und d</controlfield>
  <datafield tag="010" ind1=" " ind2=" ">
    <subfield code="a">6787</subfield>
  </datafield>
  <datafield tag="041" ind1=" " ind2=" ">
    <subfield code="a">Espa&#xF1;ol</subfield>
  </datafield>
  <datafield tag="082" ind1=" " ind2=" ">
    <subfield code="a">UCSD-MGP-0243-2018</subfield>
  </datafield>
  <datafield tag="245" ind1=" " ind2="0">
    <subfield code="a">Influencia de los padres en el aprendizaje de los estudiantes del Nivel Primario de los dos ciclos en el centro educativo San Antonio, Distrito Educativo 17-01 de Yamas&#xE1;, en el periodo escolar 2016-2017</subfield>
  </datafield>
  <datafield tag="260" ind1=" " ind2=" ">
    <subfield code="a">Distrito Nacional</subfield>
  </datafield>
  <datafield tag="300" ind1=" " ind2=" ">
    <subfield code="a">67</subfield>
  </datafield>
  <datafield tag="520" ind1=" " ind2=" ">
    <subfield code="a">64</subfield>
  </datafield>
  <datafield tag="630" ind1=" " ind2=" ">
    <subfield code="a">Actitudes</subfield>
  </datafield>
  <datafield tag="630" ind1=" " ind2=" ">
    <subfield code="a">Actores Educativos</subfield>
  </datafield>
  <datafield tag="630" ind1=" " ind2=" ">
    <subfield code="a">Ense&#xF1;anza-Aprendizaje</subfield>
  </datafield>
  <datafield tag="630" ind1=" " ind2=" ">
    <subfield code="a">Integraci&#xF3;n Familiar</subfield>
  </datafield>
  <datafield tag="630" ind1=" " ind2=" ">
    <subfield code="a">Mejoramiento del Aprendizaje</subfield>
  </datafield>
  <datafield tag="650" ind1=" " ind2=" ">
    <subfield code="a">Calidad Educativa</subfield>
  </datafield>
  <datafield tag="690" ind1=" " ind2=" ">
    <subfield code="a">Elaborado</subfield>
  </datafield>
  <datafield tag="700" ind1=" " ind2=" ">
    <subfield code="e">asesor</subfield>
    <subfield code="a">Cruz Pascual, Francisco</subfield>
  </datafield>
  <datafield tag="700" ind1=" " ind2=" ">
    <subfield code="e">autor</subfield>
    <subfield code="a">Fajardo Del Rosario, Olga Mar&#xED;a </subfield>
  </datafield>
  <datafield tag="700" ind1=" " ind2=" ">
    <subfield code="e">autor</subfield>
    <subfield code="a">De Le&#xF3;n De Los &#xC3;&#x81;ngeles,  Juana Cristina  </subfield>
  </datafield>
  <datafield tag="700" ind1=" " ind2=" ">
    <subfield code="e">autor</subfield>
    <subfield code="a">De La Cruz Gonz&#xE1;lez, Ubalda</subfield>
  </datafield>
  <datafield tag="700" ind1=" " ind2=" ">
    <subfield code="e">asesor</subfield>
    <subfield code="a">Cordero, Tulio  </subfield>
  </datafield>
  <datafield tag="901" ind1=" " ind2=" ">
    <subfield code="a">{"1":"Fajardo Del Rosario","2":"De Le&#xF3;n De Los &#xC3;&#x81;ngeles","3":"De La Cruz Gonz&#xE1;lez"}</subfield>
    <subfield code="b">{"1":"Olga Mar&#xED;a ","2":" Juana Cristina  ","3":"Ubalda"}</subfield>
  </datafield>
  <datafield tag="902" ind1=" " ind2=" ">
    <subfield code="a">2</subfield>
  </datafield>
  <datafield tag="903" ind1=" " ind2=" ">
    <subfield code="a">{"1":"Cordero","2":"Cruz Pascual"}</subfield>
    <subfield code="b">{"1":"Tulio  ","2":"Francisco"}</subfield>
  </datafield>
  <datafield tag="904" ind1=" " ind2=" ">
    <subfield code="a">Maestr&#xED;a en</subfield>
  </datafield>
  <datafield tag="905" ind1=" " ind2=" ">
    <subfield code="a">Planificaci&#xF3;n y Gesti&#xF3;n Educativa</subfield>
  </datafield>
  <datafield tag="906" ind1=" " ind2=" ">
    <subfield code="a">2</subfield>
  </datafield>
  <datafield tag="907" ind1=" " ind2=" ">
    <subfield code="a">NO APLICA</subfield>
  </datafield>
  <datafield tag="908" ind1=" " ind2=" ">
    <subfield code="a">NO APLICA</subfield>
  </datafield>
  <datafield tag="909" ind1=" " ind2=" ">
    <subfield code="a">Universidad Cat&#xF3;lica de Santo Domingo (UCSD)</subfield>
  </datafield>
  <datafield tag="910" ind1=" " ind2=" ">
    <subfield code="a">NULL</subfield>
    <subfield code="b">NULL</subfield>
  </datafield>
  <datafield tag="911" ind1=" " ind2=" ">
    <subfield code="a">["1"]</subfield>
  </datafield>
  <datafield tag="912" ind1=" " ind2=" ">
    <subfield code="a">NO APLICA</subfield>
  </datafield>
  <datafield tag="913" ind1=" " ind2=" ">
    <subfield code="a">NULL</subfield>
  </datafield>
  <datafield tag="914" ind1=" " ind2=" ">
    <subfield code="a">01 de Septiembre de 2018</subfield>
  </datafield>
  <datafield tag="915" ind1=" " ind2=" ">
    <subfield code="a">24/11/19 11:11</subfield>
  </datafield>
  <datafield tag="916" ind1=" " ind2=" ">
    <subfield code="a">NULL</subfield>
  </datafield>
  <datafield tag="917" ind1=" " ind2=" ">
    <subfield code="a">NULL</subfield>
  </datafield>
  <datafield tag="918" ind1=" " ind2=" ">
    <subfield code="a">NO APLICA</subfield>
  </datafield>
  <datafield tag="919" ind1=" " ind2=" ">
    <subfield code="a">["6","7","89","123","138"]</subfield>
  </datafield>
  <datafield tag="520" ind1=" " ind2=" ">
    <subfield code="a">El estudio se plante&#xF3; como objetivo principal, analizar la influencia de los padres en el aprendizaje de los estudiantes del Nivel Primario de los dos ciclos en el Centro Educativo San Antonio, Distrito Educativo 17-01 de Yamas&#xE1;, en el periodo escolar 2016-2017. La investigaci&#xF3;n fue no experimental, de car&#xE1;cter descriptivo, de tipo cuantitativo-cualitativo y de corte transversal.&#xA0; Las t&#xE9;cnicas empleadas fueron: revisi&#xF3;n documental, encuestas y entrevistas.&#xA0; Se trabaj&#xF3; con una muestra de 20 familias, 7 docentes y 2 miembros del equipo de gesti&#xF3;n.Al finalizar la investigaci&#xF3;n los resultados indicaron que los hijos/hijas de aquellos padres, madres o tutores que se integran a las actividades que realiza el centro educativo, muestran un mayor rendimiento acad&#xE9;mico y adem&#xE1;s, exhiben un mejor comportamiento, mientras que los hijos/hijas de padres, madres o tutores que no se interesan por asistir a las actividades del centro educativo, tienen un menor rendimiento asociado con la exhibici&#xF3;n de conductas inapropiadas en muchos de los casos registrados.Se recomend&#xF3; al personal docentes y al equipo de gesti&#xF3;n, mejorar y hacer fluir m&#xE1;s los medios de comunicaci&#xF3;n para invitar a los padres, madres o tutores, a fin de que puedan materializarse una mayor asistencia a las actividades extracurriculares que el plantel escolar realiza.&#xA0; Tambi&#xE9;n se les sugiri&#xF3; a los padres, madres o tutores, acercarse m&#xE1;s a la escuela de padres, madres o tutores en el centro educativo, ya que esta constituye una herramienta de car&#xE1;cter formativo que les brinda asesor&#xED;a para colaborar con la formaci&#xF3;n de sus hijos e hijas, por lo tanto, deben participar activamente para que sus hijos alcancen mejores resultados en su formaci&#xF3;n acad&#xE9;mica.</subfield>
  </datafield>
  <datafield tag="921" ind1=" " ind2=" ">
    <subfield code="a">63</subfield>
  </datafield>
  <datafield tag="922" ind1=" " ind2=" ">
    <subfield code="a">63</subfield>
  </datafield>
  <datafield tag="923" ind1=" " ind2=" ">
    <subfield code="a">1</subfield>
  </datafield>
  <datafield tag="924" ind1=" " ind2=" ">
    <subfield code="a">NO APLICA</subfield>
  </datafield>
  <datafield tag="942" ind1=" " ind2=" ">
    <subfield code="c">Tesis</subfield>
  </datafield>
  <datafield tag="999" ind1=" " ind2=" ">
    <subfield code="c">6787</subfield>
    <subfield code="d">6787</subfield>
  </datafield>
</record>
